Statistics for Rupaul's Drag Race Season 1 Queens In Order

Click here to take the quiz!

General Stats

  • This quiz has been taken 150 times
  • The average score is 8 of 9

Answer Stats

PlaceAnswer% Correct
9thVictoria "Porkchop" Parker
99%
2ndNina Flowers
96%
1stBebe Zahara Benet
96%
5thOngina
94%
4thShannel
93%
8thTammie Brown
91%
3rdRebecca Glasscock
91%
6thJade Sotomayor
89%
7thAkashia
87%

Score Distribution

Percentile by Number Answered

Percent of People with Each Score

Your Score History

You have not taken this quiz